El poder de la discrecionalidad : juicio político /
Obra que contiene la solicitud de juicio político presentado por Parques Conmemorativos, S.A., ante la Cámara de Diputados en contra de los ministros de la Suprema Corte de Justicia en México, por considerar que mediante acuerdo dictado el 4 de noviembre de 2003, discrecionalmente modificaron una ej...
Zapisane w:
| 1. autor: | |
|---|---|
| Format: | Książka |
| Język: | hiszpański |
| Wydane: |
México :
editorial no identificada,
2005, c2005
|
| Hasła przedmiotowe: | |
| Etykiety: |
Nie ma etykietki, Dołącz pierwszą etykiete!
|
MARC
| LEADER | 00000nam^a2200000^a^4500 | ||
|---|---|---|---|
| 001 | 000177703 | ||
| 005 | 20250521000000.0 | ||
| 009 | 20260310101725.076 | ||
| 020 | |a 970-94262-0-6 | ||
| 037 | |a Acervo ITESO - Biblioteca | ||
| 041 | |a ESP | ||
| 082 | |a 347. 72 |b PAZ | ||
| 100 | |a Pazos Chávez, Jorge Humberto |e (autor) | ||
| 245 | 1 | 3 | |a El poder de la discrecionalidad : |b juicio político / |c J.H. Pazos Chávez. |
| 264 | 4 | |a México : |b editorial no identificada, |c 2005, c2005 | |
| 300 | |a 282 p. | ||
| 336 | |a texto |b txt |2 rdacontenido | ||
| 337 | |a sin mediación |b n |2 rdamedio | ||
| 338 | |a volumen |b nc |2 rdasoporte | ||
| 520 | |a Obra que contiene la solicitud de juicio político presentado por Parques Conmemorativos, S.A., ante la Cámara de Diputados en contra de los ministros de la Suprema Corte de Justicia en México, por considerar que mediante acuerdo dictado el 4 de noviembre de 2003, discrecionalmente modificaron una ejecutoria resuelta hace cincuenta años por la Segunda Sala de la misma Suprema Corte. | ||
| 649 | |a XX | ||
| 650 | |a Jueces Mexicanos | ||
| 650 | |a Abogados Mexicanos | ||
| 650 | |a Justicia - |x Administración - |z México | ||
| 650 | |a Suprema Corte de Justicia de la Nación - |z México | ||
| 650 | |a Discreción Judicial - |z México | ||
| 650 | |a Juicio Político - |z México | ||
| 650 | |a Derecho Procesal - |z México | ||
| 650 | |a Derecho Público - |z México | ||
| 910 | |a Fondo General | ||
| 920 | |a Impresos - Libros | ||
| 930 | |a Colección General | ||
| 905 | |a 101 | ||
| 901 | |a 0500116627 |b IT1 |c ACC |u 20250521 | ||
| 902 | |a https://opac.biblio.iteso.mx/vufind/Record/000177703 | ||